00538nam a2200181Ia 450000500170000000800410001702000150005808200130007310000320008624500370011826000400015530000130019565000220020865000120023094200060024295200950024899900130034320250516023217.0240331s9999 xx 000 0 und d a9552009731 a294bWAL a Walpola, Wimalagnana thera 0aJapan Budu dhama ha sanskruthiya aColombobS. Godage & Brothersc1993 a144 p ., aJapanese Buddhism aCulture cL 001040708LaWERCLbWERCLcSSCd2024-03-31l0o 294 WALp3097r2024-03-31w2024-03-31yL c911d911